A Guide To: Social Science Research (Record no. 1928)

MARC details
005 - DATE AND TIME OF LATEST TRANSACTION
control field 20250505122651.0
020 ## - INTERNATIONAL STANDARD BOOK NUMBER
International Standard Book Number 9987-449-17-4
082 ## - DEWEY DECIMAL CLASSIFICATION NUMBER
Classification number LECT 001.43 RWE
100 ## - MAIN ENTRY--PERSONAL NAME
Author name RWEGOSHORA, H. M.
245 ## - TITLE STATEMENT
Title A Guide To: Social Science Research
260 ## - PUBLICATION, DISTRIBUTION, ETC.
Place of publication, distribution, etc. Dar es Salaam,
Name of publisher, distributor, etc. Mkuki na Nyota Publishers Ltd,
Date of publication, distribution, etc. 2006.
300 ## - PHYSICAL DESCRIPTION
Extent xv, 288p.: ill.; picture, table.
Other physical details reference.
Dimensions 25cm.
856 ## - ELECTRONIC LOCATION AND ACCESS
Link text Access Online Book.
Electronic name A Guide To: Social Science Research
Path www.mkukinanyota.com
942 ## - ADDED ENTRY ELEMENTS (KOHA)
Source of classification or shelving scheme Dewey Decimal Classification
Koha item type Books
Holdings
Date last seen Total checkouts Full call number Barcode Cost, replacement price Price effective from Koha item type Lost status Source of classification or shelving scheme Damaged status Not for loan Withdrawn status Home library Current library Shelving location Date acquired Cost, normal purchase price
05/05/2025   LECT 001.43 RWE 0000007468 120000.00 05/05/2025 Books   Dewey Decimal Classification       College of Business Education Main Library College of Business Education Main Library General Collection 12/04/2006 40000.00
05/05/2025   LECT 001.43 RWE 0000007469 120000.00 05/05/2025 Books   Dewey Decimal Classification       College of Business Education Main Library College of Business Education Main Library General Collection 12/04/2006 40000.00
05/05/2025   LECT 001.43 RWE 0000007470 120000.00 05/05/2025 Books   Dewey Decimal Classification       College of Business Education Main Library College of Business Education Main Library General Collection 12/04/2006 40000.00
05/05/2025   LECT 001.43 RWE 0000007471 120000.00 05/05/2025 Books   Dewey Decimal Classification       College of Business Education Main Library College of Business Education Main Library General Collection 12/04/2006 40000.00
05/05/2025   LECT 001.43 RWE 0000007472 120000.00 05/05/2025 Books   Dewey Decimal Classification       College of Business Education Main Library College of Business Education Main Library General Collection 12/04/2006 40000.00
05/05/2025   LECT 001.43 RWE 0000007473 120000.00 05/05/2025 Books   Dewey Decimal Classification       College of Business Education Main Library College of Business Education Main Library General Collection 12/04/2006 40000.00
05/05/2025   LECT 001.43 RWE 0000007474 120000.00 05/05/2025 Books   Dewey Decimal Classification       College of Business Education Main Library College of Business Education Main Library General Collection 12/04/2006 40000.00